[Event "Zwettl op"]
[Site "Zwettl"]
[Date "2012.07.29"]
[Round "9"]
[White "Grabenhofer, Erich"]
[Black "Kurz, Franz"]
[Result "1-0"]
[WhiteElo "1619"]
[BlackElo "1447"]
[PlyCount "51"]
[EventDate "2012.07.21"]
[EventType "swiss"]
[EventRounds "9"]
[EventCountry "AUT"]
[SourceTitle "CBM 149 Extra"]
[Source "ChessBase"]
[SourceDate "2012.08.24"]
[SourceVersion "1"]
[SourceVersionDate "2012.08.24"]
[SourceQuality "1"]

1. d4 c6 2. e4 d6 3. Nc3 Nf6 4. h3 Qc7 5. f4 e6 6. Nf3 Be7 7. Be2 0-0 8. Be3 b5 9. a3 Bb7 10. e5 Nfd7 11. Qd3 d5 12. f5 exf5 13. Qxf5 Bc8 14. Qh5 g6 15. Qh6 Re8 16. Ng5 Bxg5 17. Bxg5 Kh8 18. 0-0-0 Rg8 19. h4 f6 20. Bxf6+ Nxf6 21. exf6 Qf7 22. h5 Qxf6 23. Rdf1 Qg7 24. Qf4 Be6 25. hxg6 Qxg6 26. Qe5+ 1-0

[Event "Zwettl op"]
[Site "Zwettl"]
[Date "2012.07.21"]
[Round "1"]
[White "Schuh, Manuel"]
[Black "Kurz, Franz"]
[Result "1-0"]
[WhiteElo "1871"]
[BlackElo "1447"]
[PlyCount "89"]
[EventDate "2012.07.21"]
[EventType "swiss"]
[EventRounds "9"]
[EventCountry "AUT"]
[SourceTitle "CBM 149 Extra"]
[Source "ChessBase"]
[SourceDate "2012.08.24"]
[SourceVersion "1"]
[SourceVersionDate "2012.08.24"]
[SourceQuality "1"]

1. d4 d5 2. c4 Nf6 3. Nf3 Bf5 4. Nc3 h6 5. Qb3 dxc4 6. Qxb7 Nbd7 7. Nb5 Rc8 8. Bf4 Be4 9. Nxc7+ Rxc7 10. Qxc7 Qxc7 11. Bxc7 e6 12. a3 Nd5 13. Ba5 Bd6 14. Nd2 Bg6 15. Nxc4 Bb8 16. f3 0-0 17. e4 N5b6 18. Nxb6 axb6 19. Bb4 Rc8 20. Bb5 Nf6 21. 0-0 Bf4 22. Bc3 Rd8 23. Rfe1 Bc7 24. b4 Rc8 25. Bd2 Bb8 26. Rac1 Rd8 27. Be3 Kh7 28. Rc6 Nd7 29. Rec1 e5 30. Rc8 Rxc8 31. Rxc8 exd4 32. Bxd7 Bxh2+ 33. Kxh2 dxe3 34. Rc3 e2 35. Re3 f6 36. Bf5 Bxf5 37. exf5 g5 38. a4 h5 39. a5 bxa5 40. bxa5 Kh6 41. a6 g4 42. a7 Kg5 43. a8Q h4 44. Qg8+ Kf4 45. Re4+ 1-0